[Event "Munich Whitsun op-A 3rd"]
[Site "Munich"]
[Date "2025.06.11"]
[Round "6"]
[White "Hulka, Valentyn"]
[Black "Bagwe, Gaurang"]
[Result "1-0"]
[WhiteElo "2324"]
[BlackElo "2282"]
[PlyCount "103"]
[EventDate "2025.06.08"]
[EventType "swiss"]
[EventRounds "9"]
[EventCountry "GER"]
[SourceTitle "CB26_2025"]
[SourceDate "2025.06.25"]
[SourceVersion "1"]
[SourceVersionDate "2025.06.25"]
[SourceQuality "1"]

1. d4 d5 2. Nf3 Nf6 3. c4 e6 4. g3 Bb4+ 5. Bd2 Be7 6. Bg2 0-0 7. 0-0 c6 8. Bc3 b5 9. c5 Ne4 10. Nbd2 f5 11. Nxe4 fxe4 12. Ne5 Bf6 13. f3 exf3 14. exf3 Nd7 15. Nd3 a5 16. a3 Re8 17. Re1 Ra7 18. Re2 Nf8 19. Qd2 a4 20. Rae1 Rf7 21. Ne5 Bxe5 22. Rxe5 Ng6 23. R5e3 Qf6 24. Bf1 Ne7 25. Bd3 Nf5 26. Re5 g6 27. Bxf5 gxf5 28. Qc1 f4 29. g4 Ref8 30. Qd2 Rg7 31. Qf2 Rg5 32. h4 Rxe5 33. Rxe5 Bd7 34. Ba5 Rc8 35. Qe1 h6 36. Kf1 Kf7 37. Bc3 Rf8 38. h5 Rg8 39. Ba5 Rc8 40. Bd2 Ke7 41. Rf5 Qxd4 42. Rxf4 Qxb2 43. Bc3 Qh2 44. Qe5 Qh1+ 45. Ke2 Qg2+ 46. Ke1 Qg1+ 47. Kd2 Qf2+ 48. Kd1 Rg8 49. Qd6+ Kd8 50. Qb8+ Ke7 51. Bf6+ Kf7 52. Bd4+ 1-0

[Event "Rilton Cup 52nd"]
[Site "Stockholm"]
[Date "2025.01.03"]
[Round "7"]
[White "Bagwe, Gaurang"]
[Black "Oktem, Ege Tuna"]
[Result "1-0"]
[WhiteElo "2302"]
[BlackElo "2067"]
[PlyCount "69"]
[EventDate "2024.12.27"]
[EventType "swiss"]
[EventRounds "9"]
[EventCountry "SWE"]
[SourceTitle "CB02_2025"]
[SourceDate "2025.01.08"]
[SourceVersion "1"]
[SourceVersionDate "2025.01.08"]
[SourceQuality "1"]

1. e4 e6 2. d4 d5 3. Nd2 Nf6 4. e5 Nfd7 5. Bd3 c5 6. c3 Nc6 7. Ne2 cxd4 8. cxd4 f6 9. exf6 Nxf6 10. 0-0 Bd6 11. f4 0-0 12. Nf3 Qb6 13. Kh1 Bd7 14. Nc3 Be8 15. Be3 Ne7 16. Qd2 Bg6 17. Bxg6 Nxg6 18. Ne5 Ne7 19. a3 Nf5 20. Bg1 Be7 21. Rae1 Nd6 22. Qe2 Rfe8 23. Nd7 Nxd7 24. Qxe6+ Kh8 25. Nxd5 Qd8 26. Nxe7 Nf6 27. Rf3 Nf5 28. Qxf5 Rxe7 29. Re5 Rc7 30. h3 Rc1 31. Kh2 Rac8 32. Bf2 R1c2 33. Bh4 Qb6 34. Bxf6 Qxf6 35. Qxc2 1-0

[Event "Rilton Cup 52nd"]
[Site "Stockholm"]
[Date "2025.01.02"]
[Round "6"]
[White "Johansson, Linus"]
[Black "Bagwe, Gaurang"]
[Result "1-0"]
[WhiteElo "2412"]
[BlackElo "2302"]
[PlyCount "63"]
[EventDate "2024.12.27"]
[EventType "swiss"]
[EventRounds "9"]
[EventCountry "SWE"]
[SourceTitle "CB02_2025"]
[SourceDate "2025.01.08"]
[SourceVersion "1"]
[SourceVersionDate "2025.01.08"]
[SourceQuality "1"]

1. Nf3 d5 2. g3 Nf6 3. Bg2 c5 4. 0-0 e6 5. d4 cxd4 6. Nxd4 e5 7. Nf3 Nc6 8. c4 d4 9. e3 Be7 10. exd4 exd4 11. Re1 0-0 12. Bf4 Bf5 13. Ne5 Rc8 14. Nd2 Re8 15. Ndf3 Bb4 16. Nxc6 Rxe1+ 17. Qxe1 Bxe1 18. Nxd8 Bb4 19. a3 Be7 20. Nxb7 d3 21. Re1 Bf8 22. Nd2 Be6 23. Nd6 Rb8 24. Nb5 Rd8 25. Bc7 Re8 26. Nd4 Bc5 27. N4b3 Bf8 28. Ba5 Rb8 29. Bc3 h5 30. Nd4 Bd7 31. h3 a5 32. Nc6 1-0

[Event "Titled Tuesday intern op 24th Sep Early"]
[Site "Chess.com INT"]
[Date "2024.09.24"]
[Round "8"]
[White "Bagwe, Gaurang"]
[Black "Nigalidze, Gaioz"]
[Result "0-1"]
[WhiteElo "2297"]
[BlackElo "2370"]
[PlyCount "68"]
[EventDate "2024.09.24"]
[EventType "swiss (blitz)"]
[EventRounds "11"]
[EventCountry "USA"]
[SourceTitle "EXT 2025"]
[Source "ChessBase"]
[SourceDate "2024.10.14"]
[SourceVersion "1"]
[SourceVersionDate "2024.10.14"]
[SourceQuality "1"]

1. e4 c5 2. Nf3 d6 3. d4 cxd4 4. Nxd4 Nf6 5. Nc3 a6 6. Bg5 e6 7. f4 h6 8. Bxf6 Qxf6 9. Qd2 g5 10. g3 Bg7 11. 0-0-0 gxf4 12. gxf4 Qxd4 13. Qxd4 Bxd4 14. Rxd4 Ke7 15. Rg1 Nc6 16. Rd3 Bd7 17. Rdg3 Nd4 18. Bd3 b5 19. Kd2 Rac8 20. Ne2 Nxe2 21. Kxe2 Rc5 22. Rg7 Rh5 23. R1g2 Kf6 24. R7g3 Bc6 25. Ke3 a5 26. Rf2 b4 27. e5+ dxe5 28. fxe5+ Ke7 29. Rg7 Rxe5+ 30. Kd4 Rd5+ 31. Kc4 Rf8 32. Be4 Bb5+ 33. Kb3 Rd4 34. Bg6 a4# 0-1

[Event "Titled Tuesday intern op 24th Sep Early"]
[Site "Chess.com INT"]
[Date "2024.09.24"]
[Round "6"]
[White "Bagwe, Gaurang"]
[Black "Porozhniak, Maya"]
[Result "1-0"]
[WhiteElo "2297"]
[BlackElo "1939"]
[PlyCount "63"]
[EventDate "2024.09.24"]
[EventType "swiss (blitz)"]
[EventRounds "11"]
[EventCountry "USA"]
[SourceTitle "EXT 2025"]
[Source "ChessBase"]
[SourceDate "2024.10.14"]
[SourceVersion "1"]
[SourceVersionDate "2024.10.14"]
[SourceQuality "1"]

1. e4 c5 2. Nf3 e6 3. d4 cxd4 4. Nxd4 a6 5. c4 Nf6 6. Nc3 d6 7. g3 Qc7 8. Qe2 Nc6 9. Nxc6 bxc6 10. Bg2 e5 11. 0-0 Be7 12. b3 a5 13. Ba3 0-0 14. Rad1 Rd8 15. Rd2 Bg4 16. f3 Be6 17. f4 Bg4 18. Qf2 a4 19. Nxa4 Rxa4 20. bxa4 Qa5 21. c5 Qxa4 22. cxd6 Qxa3 23. dxe7 Qxe7 24. Rxd8+ Qxd8 25. fxe5 Nd7 26. Qxf7+ Kh8 27. e6 Nf6 28. e7 Qd4+ 29. Kh1 Bh5 30. Qf8+ Ng8 31. Qxg8+ Kxg8 32. Rf8# 1-0

[Event "Titled Tuesday intern op 24th Sep Early"]
[Site "Chess.com INT"]
[Date "2024.09.24"]
[Round "4"]
[White "Samunenkov, Igor"]
[Black "Bagwe, Gaurang"]
[Result "1-0"]
[WhiteElo "2533"]
[BlackElo "2297"]
[PlyCount "81"]
[EventDate "2024.09.24"]
[EventType "swiss (blitz)"]
[EventRounds "11"]
[EventCountry "USA"]
[SourceTitle "EXT 2025"]
[Source "ChessBase"]
[SourceDate "2024.10.14"]
[SourceVersion "1"]
[SourceVersionDate "2024.10.14"]
[SourceQuality "1"]

1. d4 d5 2. Nc3 Nf6 3. Bf4 a6 4. e3 e6 5. g4 Bb4 6. Nge2 Nbd7 7. a3 Bd6 8. g5 Ne4 9. Nxe4 dxe4 10. Ng3 Bxf4 11. exf4 f5 12. Bc4 Nb6 13. Bb3 Qd6 14. Qd2 Bd7 15. 0-0-0 0-0-0 16. c4 c5 17. Qe3 cxd4 18. Rxd4 Qc7 19. Kb1 Ba4 20. Rhd1 Bxb3 21. Qxb3 Nd7 22. Qe3 Nc5 23. Rxd8+ Rxd8 24. Rxd8+ Kxd8 25. Qd4+ Kc8 26. Nh5 g6 27. Nf6 Nd3 28. c5 Qxf4 29. Qd7+ Kb8 30. Qd8+ Ka7 31. Qb6+ Ka8 32. Ka2 Nc1+ 33. Kb1 Nd3 34. Ka2 Qxh2 35. c6 Qb8 36. Nd7 Qc8 37. Qa5 Ka7 38. Qb6+ Ka8 39. Qd4 Qxc6 40. Qh8+ Ka7 41. Qb8# 1-0

[Event "Titled Tuesday intern op 17th Sep Early"]
[Site "Chess,com INT"]
[Date "2024.09.17"]
[Round "4"]
[White "Bonin, Jay R"]
[Black "Bagwe, Gaurang"]
[Result "1/2-1/2"]
[WhiteElo "2129"]
[BlackElo "2297"]
[PlyCount "118"]
[EventDate "2024.09.17"]
[EventType "swiss (blitz)"]
[EventRounds "11"]
[EventCountry "USA"]
[SourceTitle "EXT 2025"]
[Source "ChessBase"]
[SourceDate "2024.10.14"]
[SourceVersion "1"]
[SourceVersionDate "2024.10.14"]
[SourceQuality "1"]

1. d4 d5 2. Nf3 Nf6 3. c4 e6 4. Nc3 Be7 5. Bg5 0-0 6. e3 h6 7. Bh4 Ne4 8. Bxe7 Qxe7 9. cxd5 Nxc3 10. bxc3 exd5 11. Qd2 c6 12. c4 Be6 13. Rc1 Nd7 14. Be2 Rae8 15. 0-0 Kh8 16. Qb2 b6 17. Ne5 Nxe5 18. dxe5 dxc4 19. Bxc4 Bxc4 20. Rxc4 c5 21. Ra4 Qd7 22. Qa3 Re7 23. h3 Rfe8 24. f4 Qb7 25. Rd1 a5 26. Qd3 Qc6 27. Ra3 c4 28. Qd5 Rc7 29. Qxc6 Rxc6 30. Rc3 b5 31. Rdc1 Rec8 32. Kf2 b4 33. R3c2 a4 34. a3 b3 35. Rc3 b2 36. Rb1 Rb8 37. Ke2 Rb3 38. Kd2 Kh7 39. Kc2 Rcb6 40. Rxb3 Rxb3 41. Rxb2 Rxe3 42. Rb4 Rxa3 43. Rxc4 Ra2+ 44. Kd3 Rxg2 45. Rxa4 Rg3+ 46. Ke4 Rxh3 47. Ra7 Kg6 48. f5+ Kg5 49. Rxf7 g6 50. fxg6 Kxg6 51. Rf6+ Kg5 52. Rf8 Rh1 53. e6 Re1+ 54. Kd5 h5 55. Kd6 h4 56. e7 Rxe7 57. Kxe7 Kg4 58. Rh8 h3 59. Rxh3 Kxh3 1/2-1/2

[Event "Titled Tuesday intern op 10th Sep Early"]
[Site "Chess,com INT"]
[Date "2024.09.10"]
[Round "6"]
[White "Bagwe, Gaurang"]
[Black "Damjanovic, Vuk"]
[Result "1/2-1/2"]
[WhiteElo "2297"]
[BlackElo "2364"]
[PlyCount "229"]
[EventDate "2024.09.10"]
[EventType "swiss (blitz)"]
[EventRounds "11"]
[EventCountry "USA"]
[SourceTitle "EXT 2025"]
[Source "ChessBase"]
[SourceDate "2024.10.14"]
[SourceVersion "1"]
[SourceVersionDate "2024.10.14"]
[SourceQuality "1"]

1. e4 e5 2. Nf3 Nc6 3. Nc3 Nf6 4. d4 d6 5. dxe5 Nxe5 6. Nxe5 dxe5 7. Qxd8+ Kxd8 8. Bg5 Be6 9. f3 c6 10. Nd1 Kc7 11. Ne3 Bc5 12. Bxf6 gxf6 13. Nf5 b5 14. Bd3 a5 15. Ke2 a4 16. g4 a3 17. b3 h5 18. h4 Rag8 19. gxh5 Rg2+ 20. Ke1 Rxh5 21. Rd1 Rh8 22. h5 Rhg8 23. h6 Rg1+ 24. Kd2 R8g2+ 25. Be2 Rxd1+ 26. Kxd1 Rg8 27. h7 Rh8 28. c4 b4 29. Bd3 Kd7 30. Ke2 Ke8 31. Rh6 Kf8 32. f4 Bxf5 33. exf5 Kg7 34. Rh5 Rxh7 35. Rxh7+ Kxh7 36. fxe5 fxe5 37. Kf3 Kh6 38. Kg4 Bd4 39. Be4 c5 40. Bd5 f6 41. Be4 Bc3 42. Bd5 Bb2 43. Be4 Ba1 44. Bf3 Bd4 45. Bg2 Kg7 46. Bd5 Bc3 47. Be4 Bd2 48. Bd5 Bg5 49. Be4 Kf7 50. Bd5+ Ke7 51. Kf3 Bc1 52. Ba8 Bh6 53. Bb7 Bg5 54. Ba8 Kf7 55. Bb7 Kg7 56. Kg4 Bc1 57. Bd5 Bb2 58. Bc6 Ba1 59. Bd5 Bc3 60. Bc6 Kf8 61. Bd5 Bd2 62. Bb7 Bc1 63. Ba8 Bd2 64. Bb7 Ke7 65. Kf3 Bg5 66. Ba8 e4+ 67. Kxe4 Kd6 68. Bd5 Bh6 69. Be6 Bg5 70. Bd5 Bh4 71. Be6 Be1 72. Bd5 Bc3 73. Be6 Be5 74. Bd5 Bd4 75. Be6 Ke7 76. Bd5 Kf8 77. Be6 Kg7 78. Kf3 Kh6 79. Kg4 Be5 80. Bd5 Kg7 81. Be6 Bd4 82. Bd5 Bc3 83. Be6 Kf8 84. Bd5 Bd4 85. Kf4 Kg7 86. Kg4 Kf8 87. Be6 Be5 88. Bd5 Ke7 89. Kf3 Kd6 90. Ke4 Bb2 91. Bg8 Ke7 92. Bd5 Bd4 93. Ba8 Kf8 94. Bd5 Bg1 95. Bc6 Bh2 96. Bb7 Kg7 97. Kf3 Kf7 98. Ba8 Ke7 99. Bb7 Kd7 100. Ke4 Kd6 101. Bd5 Be5 102. Ba8 Bd4 103. Bd5 Kd7 104. Ba8 Kd8 105. Bd5 Kd7 106. Ba8 Kc7 107. Bd5 Kb8 108. Bg8 Ka8 109. Bd5+ Kb8 110. Be6 Kc7 111. Bd5 Kd8 112. Ba8 Ke7 113. Bd5 Kf8 114. Kf4 Kg7 115. Kg4 1/2-1/2

[Event "Titled Tuesday intern op 10th Sep Early"]
[Site "Chess,com INT"]
[Date "2024.09.10"]
[Round "10"]
[White "Rustemov, Alexander"]
[Black "Bagwe, Gaurang"]
[Result "1-0"]
[WhiteElo "2525"]
[BlackElo "2297"]
[PlyCount "67"]
[EventDate "2024.09.10"]
[EventType "swiss (blitz)"]
[EventRounds "11"]
[EventCountry "USA"]
[SourceTitle "EXT 2025"]
[Source "ChessBase"]
[SourceDate "2024.10.14"]
[SourceVersion "1"]
[SourceVersionDate "2024.10.14"]
[SourceQuality "1"]

1. d4 d5 2. c4 e6 3. Nf3 Nf6 4. Nc3 Nbd7 5. Bg5 Bb4 6. cxd5 exd5 7. e3 c6 8. Bd3 Nf8 9. 0-0 Bg4 10. Qb3 Bxc3 11. bxc3 Bxf3 12. gxf3 b5 13. a4 Ne6 14. Bxf6 Qxf6 15. axb5 Qxf3 16. Qd1 Qh3 17. bxc6 Ng5 18. Be2 0-0 19. Bg4 Qh4 20. Bf3 f5 21. Bxd5+ Kh8 22. f4 Nh3+ 23. Kg2 Rf6 24. Qf3 Rh6 25. Ra2 Rf8 26. Kh1 g5 27. fxg5 Nxg5 28. Qf4 Qh5 29. Qe5+ Rhf6 30. c7 Qh3 31. Raf2 Kg7 32. Rxf5 Nf3 33. R5xf3 Qxf1+ 34. Rxf1 1-0

[Event "Titled Tuesday intern op 10th Sep Early"]
[Site "Chess,com INT"]
[Date "2024.09.10"]
[Round "8"]
[White "Steinberg, Nitzan"]
[Black "Bagwe, Gaurang"]
[Result "1-0"]
[WhiteElo "2554"]
[BlackElo "2297"]
[PlyCount "62"]
[EventDate "2024.09.10"]
[EventType "swiss (blitz)"]
[EventRounds "11"]
[EventCountry "USA"]
[SourceTitle "EXT 2025"]
[Source "ChessBase"]
[SourceDate "2024.10.14"]
[SourceVersion "1"]
[SourceVersionDate "2024.10.14"]
[SourceQuality "1"]

1. c4 e5 2. Nc3 Nf6 3. g3 d5 4. cxd5 Nxd5 5. Bg2 Nb6 6. d3 Be7 7. Nf3 Nc6 8. 0-0 0-0 9. Be3 Be6 10. Rc1 f5 11. Nd2 Bf6 12. Nb3 f4 13. Bc5 Rf7 14. Ne4 Nd5 15. Ba3 Nd4 16. Nxd4 exd4 17. Nc5 Bc8 18. Qb3 c6 19. Ne4 Be7 20. Rc4 b5 21. Rxc6 Bb7 22. Bxe7 Qxe7 23. Qxd5 fxg3 24. hxg3 Rd8 25. Qxb5 Bxc6 26. Qxc6 Qb4 27. Ng5 Rfd7 28. Qe6+ Kh8 29. Qf5 g6 30. Qf6+ Kg8 31. Bd5+ Rxd5 1-0

[Event "Abu Dhabi op-A 30th"]
[Site "Abu Dhabi"]
[Date "2024.08.19"]
[Round "4"]
[White "Seemann, Jakub"]
[Black "Bagwe, Gaurang"]
[Result "1-0"]
[WhiteElo "2462"]
[BlackElo "2248"]
[PlyCount "97"]
[EventDate "2024.08.15"]
[EventType "swiss"]
[EventRounds "9"]
[EventCountry "UAE"]
[SourceTitle "EXT 2025"]
[Source "ChessBase"]
[SourceDate "2024.10.14"]
[SourceVersion "1"]
[SourceVersionDate "2024.10.14"]
[SourceQuality "1"]

1. Nf3 d5 2. g3 c6 3. c4 Bf5 4. Bg2 e6 5. Qb3 Qb6 6. d3 Qxb3 7. axb3 h6 8. 0-0 Nf6 9. Bd2 Nbd7 10. b4 e5 11. b5 Bd6 12. bxc6 bxc6 13. cxd5 cxd5 14. Nc3 Ke7 15. Nb5 Rhb8 16. Nxd6 Kxd6 17. d4 e4 18. Bf4+ Ke6 19. Bxb8 Rxb8 20. Nh4 Rxb2 21. Rxa7 g5 22. Nxf5 Kxf5 23. f3 exf3 24. Bxf3 Ke6 25. g4 Rd2 26. Ra4 h5 27. h3 h4 28. Rb1 Rc2 29. Ra6+ Ke7 30. Rb7 Kd8 31. Kf2 Rc3 32. Raa7 Kc8 33. Bxd5 Kd8 34. Bxf7 Ke7 35. Bg6 Kd6 36. Bf5 Rxh3 37. Rxd7+ Nxd7 38. Rxd7+ Kc6 39. d5+ Kc5 40. d6 Rh2+ 41. Kg1 Rxe2 42. Re7 Rd2 43. d7 Rd1+ 44. Kg2 Rd2+ 45. Kh3 Kb6 46. Re8 Kc7 47. Rc8+ Kb7 48. d8Q Rd6 49. Qxd6 1-0

[Event "Abu Dhabi op-A 30th"]
[Site "Abu Dhabi"]
[Date "2024.08.17"]
[Round "3"]
[White "Bagwe, Gaurang"]
[Black "Siddharth, Jagadeesh"]
[Result "1/2-1/2"]
[WhiteElo "2248"]
[BlackElo "2516"]
[PlyCount "62"]
[EventDate "2024.08.15"]
[EventType "swiss"]
[EventRounds "9"]
[EventCountry "UAE"]
[SourceTitle "EXT 2025"]
[Source "ChessBase"]
[SourceDate "2024.10.14"]
[SourceVersion "1"]
[SourceVersionDate "2024.10.14"]
[SourceQuality "1"]

1. e4 e5 2. Nf3 Nc6 3. Nc3 Nf6 4. d4 exd4 5. Nxd4 Bb4 6. Nxc6 bxc6 7. Bd3 d5 8. Bd2 0-0 9. 0-0 Rb8 10. Re1 Bg4 11. Qc1 Re8 12. e5 Nd7 13. Bg5 Qc8 14. Qf4 Nc5 15. Re3 Nxd3 16. cxd3 Qf5 17. d4 h6 18. Qxf5 Bxf5 19. Bf4 g5 20. Bg3 Ba5 21. b3 Rb4 22. Rd1 Bb6 23. Ne2 c5 24. dxc5 Bxc5 25. Rc3 Bb6 26. Rxd5 a5 27. a3 Re4 28. Kf1 Be6 29. Rdd3 Bf5 30. Rd5 Be6 31. Rdd3 Bf5 1/2-1/2

[Event "Abu Dhabi op-A 30th"]
[Site "Abu Dhabi"]
[Date "2024.08.16"]
[Round "2"]
[White "Agibileg, Uurtsaikh"]
[Black "Bagwe, Gaurang"]
[Result "0-1"]
[WhiteElo "2411"]
[BlackElo "2248"]
[PlyCount "52"]
[EventDate "2024.08.15"]
[EventType "swiss"]
[EventRounds "9"]
[EventCountry "UAE"]
[SourceTitle "EXT 2025"]
[Source "ChessBase"]
[SourceDate "2024.10.14"]
[SourceVersion "1"]
[SourceVersionDate "2024.10.14"]
[SourceQuality "1"]

1. d4 d5 2. c4 e6 3. Nc3 Nf6 4. cxd5 Nxd5 5. e4 Nxc3 6. bxc3 c5 7. Nf3 cxd4 8. cxd4 Bb4+ 9. Bd2 Bxd2+ 10. Qxd2 0-0 11. Bc4 Nd7 12. 0-0 b6 13. Rad1 Bb7 14. Rfe1 Rc8 15. Bd3 h6 16. Bb1 Re8 17. d5 exd5 18. e5 Nc5 19. Qf4 Ne6 20. Qe3 Rc4 21. Qd3 Re4 22. h4 Qc8 23. Rc1 Nc5 24. Qd2 Qg4 25. Bxe4 dxe4 26. Nh2 Qxg2+ 0-1

[Event "Titled Tuesday intern op 13th Aug Early"]
[Site "Chess.com INT"]
[Date "2024.08.13"]
[Round "6"]
[White "Bagwe, Gaurang"]
[Black "Delgado Kuffo, Andres"]
[Result "1-0"]
[WhiteElo "2248"]
[BlackElo "2320"]
[PlyCount "107"]
[EventDate "2024.08.13"]
[EventType "swiss (blitz)"]
[EventRounds "11"]
[EventCountry "USA"]
[SourceTitle "EXT 2025"]
[Source "ChessBase"]
[SourceDate "2024.10.14"]
[SourceVersion "1"]
[SourceVersionDate "2024.10.14"]
[SourceQuality "1"]

1. d4 Nf6 2. c4 g6 3. Nf3 Bg7 4. Nc3 0-0 5. e4 d6 6. Be2 Bg4 7. Be3 Nfd7 8. h3 Bxf3 9. Bxf3 e5 10. 0-0 Nc6 11. Ne2 exd4 12. Nxd4 Re8 13. Nxc6 bxc6 14. Qc2 Rb8 15. Rab1 c5 16. b3 Qh4 17. Rbd1 Bh6 18. Bg4 Bxe3 19. Bxd7 Re7 20. fxe3 Rxd7 21. e5 Qg3 22. Qe4 Re8 23. Qc6 Qxe3+ 24. Kh1 Rdd8 25. exd6 cxd6 26. Rxd6 Rxd6 27. Qxd6 Re6 28. Qb8+ Kg7 29. Qxa7 Rf6 30. Rxf6 Qe1+ 31. Kh2 Qe5+ 32. Kg1 Kxf6 33. Qb6+ Kg7 34. Qc6 Qe1+ 35. Kh2 Qe5+ 36. g3 h5 37. Qg2 h4 38. a4 hxg3+ 39. Qxg3 Qb2+ 40. Kh1 Qb1+ 41. Kg2 Qb2+ 42. Kg1 Qb1+ 43. Kf2 Qb2+ 44. Kf1 Qb1+ 45. Kg2 Qb2+ 46. Qf2 Qxb3 47. Qxc5 Qxa4 48. Qe5+ Kh7 49. Qd5 Qc2+ 50. Kg3 Qc3+ 51. Kf4 Qc1+ 52. Ke5 Qc3+ 53. Kd6 Qf6+ 54. Kd7 1-0

[Event "Titled Tuesday intern op 13th Aug Early"]
[Site "Chess.com INT"]
[Date "2024.08.13"]
[Round "11"]
[White "Bagwe, Gaurang"]
[Black "Tsaruk, Maksim"]
[Result "0-1"]
[WhiteElo "2248"]
[BlackElo "2450"]
[PlyCount "84"]
[EventDate "2024.08.13"]
[EventType "swiss (blitz)"]
[EventRounds "11"]
[EventCountry "USA"]
[SourceTitle "EXT 2025"]
[Source "ChessBase"]
[SourceDate "2024.10.14"]
[SourceVersion "1"]
[SourceVersionDate "2024.10.14"]
[SourceQuality "1"]

1. e4 e5 2. Nf3 Nc6 3. Bb5 a6 4. Ba4 Nf6 5. 0-0 Be7 6. Re1 b5 7. Bb3 d6 8. c3 0-0 9. h3 Nb8 10. d4 Nbd7 11. Nbd2 c5 12. Nf1 Re8 13. Ng3 Bf8 14. a4 Bb7 15. Bc2 cxd4 16. cxd4 exd4 17. Nxd4 b4 18. Bg5 Qa5 19. Ndf5 Rac8 20. Bb3 Nxe4 21. Nxe4 Qxf5 22. g4 Qg6 23. Bd5 Bxd5 24. Qxd5 Nb6 25. Qf5 Qxf5 26. gxf5 Re5 27. Bf4 Rxf5 28. Bxd6 Rd5 29. Rad1 Rxd1 30. Rxd1 Rd8 31. Rd4 f5 32. Bc5 Rxd4 33. Bxd4 Nxa4 34. Ng5 Bc5 35. Be5 Be7 36. Ne6 Bf6 37. Bxf6 gxf6 38. Nd4 Nxb2 39. Nxf5 a5 40. Ne7+ Kf7 41. Nc6 Nc4 42. Kf1 b3 0-1

[Event "Titled Tuesday intern op 13th Aug Early"]
[Site "Chess.com INT"]
[Date "2024.08.13"]
[Round "7"]
[White "Boyer, Mahel"]
[Black "Bagwe, Gaurang"]
[Result "1-0"]
[WhiteElo "2480"]
[BlackElo "2248"]
[PlyCount "103"]
[EventDate "2024.08.13"]
[EventType "swiss (blitz)"]
[EventRounds "11"]
[EventCountry "USA"]
[SourceTitle "EXT 2025"]
[Source "ChessBase"]
[SourceDate "2024.10.14"]
[SourceVersion "1"]
[SourceVersionDate "2024.10.14"]
[SourceQuality "1"]

1. e4 e5 2. Nf3 Nc6 3. Bc4 Nf6 4. d3 Be7 5. 0-0 0-0 6. a3 d5 7. exd5 Nxd5 8. Re1 Bg4 9. Nc3 Nb6 10. Ba2 Nd4 11. Rxe5 Bd6 12. Re4 Nxf3+ 13. gxf3 Bf5 14. Qf1 Qf6 15. Qg2 Bxe4 16. fxe4 Bf4 17. Bxf4 Qxf4 18. Qg3 Qxg3+ 19. hxg3 Rad8 20. f4 Rfe8 21. Kf2 g5 22. Ke3 c6 23. fxg5 Nd5+ 24. Nxd5 cxd5 25. Rf1 Re7 26. Rf5 dxe4 27. dxe4 Rd1 28. Bd5 Re1+ 29. Kd4 Kg7 30. c4 b6 31. b4 Rd1+ 32. Kc3 Rc1+ 33. Kb3 a5 34. Ka4 Ra1 35. bxa5 bxa5 36. Rf3 Rc7 37. Kxa5 Rb1 38. Ka6 Kf8 39. a4 Ke8 40. a5 Rc5 41. Rf5 Kd8 42. Rxf7 Ra1 43. Kb6 Rcxa5 44. Rxh7 Ra6+ 45. Kc5 R6a5+ 46. Kd6 Ra6+ 47. Ke5 Ke8 48. g6 Ra7 49. g7 Re7+ 50. Kd4 Rd1+ 51. Kc5 Kd7 52. g8Q 1-0

[Event "Titled Tuesday intern op 06th Aug Early"]
[Site "Chess.com INT"]
[Date "2024.08.06"]
[Round "3"]
[White "Bagwe, Gaurang"]
[Black "Donchenko, Alexander"]
[Result "1/2-1/2"]
[WhiteElo "2248"]
[BlackElo "2638"]
[PlyCount "158"]
[EventDate "2024.08.06"]
[EventType "swiss (blitz)"]
[EventRounds "11"]
[EventCountry "USA"]
[SourceTitle "EXT 2025"]
[Source "ChessBase"]
[SourceDate "2024.10.14"]
[SourceVersion "1"]
[SourceVersionDate "2024.10.14"]
[SourceQuality "1"]

1. e4 Nf6 2. Nc3 d5 3. exd5 Nxd5 4. Nf3 Bg4 5. Be2 e6 6. Nxd5 exd5 7. d4 Bd6 8. h3 Bh5 9. Ne5 Bxe2 10. Qxe2 0-0 11. 0-0 Re8 12. Qb5 Nc6 13. Nxc6 bxc6 14. Qd3 Re6 15. Bd2 Qh4 16. Rae1 Rg6 17. Re3 h5 18. Rfe1 Rf8 19. Re8 Rf6 20. Rxf8+ Bxf8 21. Re2 g6 22. b4 Bd6 23. c3 Bf4 24. Bxf4 Qxf4 25. Qe3 Qf5 26. Qe5 Qd3 27. Re3 Qd1+ 28. Re1 Qd2 29. Re2 Qc1+ 30. Re1 Qxc3 31. Re3 Qc1+ 32. Re1 Qf4 33. Qxf4 Rxf4 34. Rd1 Re4 35. f3 Re2 36. Rc1 Re6 37. Rc5 Kf8 38. Ra5 Re1+ 39. Kh2 Rd1 40. Rxa7 Rxd4 41. Rxc7 Rxb4 42. Rxc6 Ke7 43. Rc7+ Ke6 44. Rc6+ Ke5 45. Rc7 f6 46. Ra7 d4 47. Kg3 Rb2 48. a4 d3 49. Rd7 d2 50. a5 Ke6 51. Rd8 Ke5 52. a6 Ra2 53. a7 g5 54. Rxd2 Rxa7 55. Re2+ Kf5 56. Rb2 h4+ 57. Kh2 Ra5 58. Rd2 Ra4 59. Rc2 Kf4 60. Rb2 Rd4 61. Re2 f5 62. Rb2 Rd5 63. Rb4+ Ke3 64. Rb3+ Ke2 65. Rb2+ Rd2 66. Rb5 Kf1 67. Rxf5 Rxg2+ 68. Kh1 Rg1+ 69. Kh2 Rg2+ 70. Kh1 Rg3 71. Kh2 Kf2 72. f4 gxf4 73. Rxf4+ Rf3 74. Rxf3+ Kxf3 75. Kh1 Kg3 76. Kg1 Kxh3 77. Kh1 Kg3 78. Kg1 h3 79. Kh1 h2 1/2-1/2

[Event "Titled Tuesday intern op 06th Aug Early"]
[Site "Chess.com INT"]
[Date "2024.08.06"]
[Round "6"]
[White "Bagwe, Gaurang"]
[Black "Sanal, Vahap"]
[Result "0-1"]
[WhiteElo "2248"]
[BlackElo "2570"]
[PlyCount "84"]
[EventDate "2024.08.06"]
[EventType "swiss (blitz)"]
[EventRounds "11"]
[EventCountry "USA"]
[SourceTitle "EXT 2025"]
[Source "ChessBase"]
[SourceDate "2024.10.14"]
[SourceVersion "1"]
[SourceVersionDate "2024.10.14"]
[SourceQuality "1"]

1. e4 d6 2. d4 Nf6 3. Nc3 e5 4. Nge2 Nbd7 5. g3 c6 6. Bg2 b5 7. 0-0 Be7 8. h3 a5 9. a3 Ba6 10. Be3 0-0 11. g4 b4 12. Nb1 d5 13. Nd2 exd4 14. Bxd4 c5 15. Bxf6 Bxf6 16. axb4 axb4 17. exd5 Bxb2 18. Rb1 Be5 19. Re1 Qb6 20. Ng3 c4 21. Nde4 Rae8 22. Qd2 c3 23. Qg5 h6 24. Qf5 Bc8 25. Qf3 g6 26. Bf1 Kg7 27. Bc4 Bb7 28. Rbd1 Nf6 29. Nxf6 Qxf6 30. Qxf6+ Bxf6 31. Ne4 Bh4 32. Nc5 Rxe1+ 33. Rxe1 Ba8 34. d6 Rc8 35. Re5 Bf6 36. d7 Rd8 37. Re8 Bc6 38. Be6 Rxe8 39. dxe8Q Bxe8 40. Bd7 Bxd7 41. Nxd7 b3 42. Nc5 b2 0-1

[Event "Titled Tuesday intern op 06th Aug Early"]
[Site "Chess.com INT"]
[Date "2024.08.06"]
[Round "5"]
[White "Lopez Idarraga, Daniel Eduardo"]
[Black "Bagwe, Gaurang"]
[Result "0-1"]
[WhiteElo "1996"]
[BlackElo "2248"]
[PlyCount "72"]
[EventDate "2024.08.06"]
[EventType "swiss (blitz)"]
[EventRounds "11"]
[EventCountry "USA"]
[SourceTitle "EXT 2025"]
[Source "ChessBase"]
[SourceDate "2024.10.14"]
[SourceVersion "1"]
[SourceVersionDate "2024.10.14"]
[SourceQuality "1"]

1. Nf3 d5 2. g3 c6 3. Bg2 Bf5 4. 0-0 h6 5. d3 e6 6. Nbd2 Bh7 7. e4 dxe4 8. dxe4 Nf6 9. Qe2 Nbd7 10. b3 Be7 11. Bb2 0-0 12. Rfd1 Qc7 13. e5 Nd5 14. c4 N5b6 15. Ne4 Rad8 16. Rd2 Bxe4 17. Qxe4 Nc5 18. Qe2 Rxd2 19. Qxd2 Rd8 20. Qc2 Nd3 21. Bc3 Bb4 22. Rd1 Bxc3 23. Qxc3 Nc5 24. Rd4 Nc8 25. Qd2 Rxd4 26. Qxd4 Nd7 27. c5 Ne7 28. Qd6 Qxd6 29. exd6 Nd5 30. Nd4 Nxc5 31. Kf1 Kf8 32. Ke2 Ke8 33. Kd2 Kd7 34. Kc2 Nb4+ 35. Kb2 Nbd3+ 36. Kc3 Nxf2 0-1